[Event "Deutsche Ländermeisterschaft 2025"]
[Site "Oer-Erkenschwick GER"]
[Date "2025.10.02"]
[Round "3"]
[White "Tarasenko, Nazar"]
[Black "Kalina, Lena"]
[Result "1-0"]
[Termination "normal"]
[Board "5.4"]
[WhiteElo "2005"]
[BlackElo "1891"]
[WhiteClock "01:30:29"]
[BlackClock "00:06:28"]
[WhiteTeam "Niedersachsen"]
[BlackTeam "Nordrhein-Westfalen 2"]
[PlyCount "115"]
[WhiteFideId "34161430"]
[BlackFideId "12988014"]
[EventCountry "GER"]
[EventRounds "7"]
[EventType "team-swiss"]
[EventDate "2025.09.30"]

1. Nf3 {[%clk 01:30:55]} {[%emt 00:00:05]} Nf6 {[%clk 01:28:48]} {[%emt
00:02:11]} 2. g3 {[%clk 01:31:18]} {[%emt 00:00:07]} d5 {[%clk 01:27:50]}
{[%emt 00:01:28]} 3. Bg2 {[%clk 01:31:43]} {[%emt 00:00:05]} c5 {[%clk
01:26:46]} {[%emt 00:01:33]} 4. O-O {[%clk 01:32:08]} {[%emt 00:00:05]} g6
{[%clk 01:25:41]} {[%emt 00:01:36]} 5. c3 {[%clk 01:30:46]} {[%emt 00:01:52]}
Bg7 {[%clk 01:22:10]} {[%emt 00:04:00]} 6. d4 {[%clk 01:31:10]} {[%emt
00:00:06]} cxd4 {[%clk 01:13:18]} {[%emt 00:09:23]} 7. cxd4 {[%clk 01:31:28]}
{[%emt 00:00:12]} O-O {[%clk 01:13:33]} {[%emt 00:00:15]} 8. Nc3 {[%clk
01:30:20]} {[%emt 00:01:38]} Nc6 {[%clk 01:11:07]} {[%emt 00:02:55]} 9. Ne5
{[%clk 01:30:09]} {[%emt 00:00:41]} Nd7 {[%clk 00:59:59]} {[%emt 00:11:39]} 10.
f4 {[%clk 01:24:48]} {[%emt 00:05:51]} e6 {[%clk 00:55:18]} {[%emt 00:05:10]}
11. Be3 {[%clk 01:23:33]} {[%emt 00:01:45]} f6 {[%clk 00:52:07]} {[%emt
00:03:42]} 12. Nf3 {[%clk 01:22:47]} {[%emt 00:01:16]} Nb6 {[%clk 00:49:33]}
{[%emt 00:03:03]} 13. Bf2 {[%clk 01:21:53]} {[%emt 00:01:25]} Nc4 {[%clk
00:46:25]} {[%emt 00:03:38]} 14. e4 {[%clk 01:19:49]} {[%emt 00:02:33]} dxe4
{[%clk 00:34:01]} {[%emt 00:12:54]} 15. Nxe4 {[%clk 01:20:05]} {[%emt
00:00:14]} Kh8 {[%clk 00:30:52]} {[%emt 00:03:40]} 16. Qb3 {[%clk 01:18:16]}
{[%emt 00:02:19]} Nd6 {[%clk 00:28:41]} {[%emt 00:02:42]} 17. Nc5 {[%clk
01:18:16]} {[%emt 00:00:29]} e5 {[%clk 00:25:23]} {[%emt 00:03:48]} 18. dxe5
{[%clk 01:16:06]} {[%emt 00:02:40]} fxe5 {[%clk 00:24:28]} {[%emt 00:01:25]}
19. fxe5 {[%clk 01:16:23]} {[%emt 00:00:13]} Nxe5 {[%clk 00:23:39]} {[%emt
00:01:19]} 20. Nxe5 {[%clk 01:15:31]} {[%emt 00:01:23]} Bxe5 {[%clk 00:23:04]}
{[%emt 00:01:05]} 21. Rad1 {[%clk 01:14:36]} {[%emt 00:01:25]} Qc7 {[%clk
00:18:36]} {[%emt 00:04:58]} 22. Qd5 {[%clk 01:13:50]} {[%emt 00:01:15]} Nf5
{[%clk 00:13:58]} {[%emt 00:05:09]} 23. Qe4 {[%clk 00:59:52]} {[%emt 00:14:28]}
Rb8 {[%clk 00:06:19]} {[%emt 00:08:08]} 24. g4 {[%clk 00:55:53]} {[%emt
00:04:29]} b6 {[%clk 00:04:42]} {[%emt 00:02:08]} 25. Nd3 {[%clk 00:55:35]}
{[%emt 00:00:48]} Bxh2+ {[%clk 00:04:00]} {[%emt 00:01:11]} 26. Kh1 {[%clk
00:55:49]} {[%emt 00:00:16]} Bb7 {[%clk 00:03:45]} {[%emt 00:00:45]} 27. Bd4+
{[%clk 00:55:26]} {[%emt 00:00:53]} Nxd4 {[%clk 00:00:46]} {[%emt 00:03:30]}
28. Rxf8+ {[%clk 00:55:43]} {[%emt 00:00:13]} Rxf8 {[%clk 00:00:58]} {[%emt
00:00:18]} 29. Qxd4+ {[%clk 00:55:59]} {[%emt 00:00:13]} Kg8 {[%clk 00:00:38]}
{[%emt 00:00:50]} 30. Bxb7 {[%clk 00:56:04]} {[%emt 00:00:26]} Qxb7+ {[%clk
00:00:37]} {[%emt 00:00:31]} 31. Kxh2 {[%clk 00:56:26]} {[%emt 00:00:07]} Qf3
{[%clk 00:00:36]} {[%emt 00:00:31]} 32. Rd2 {[%clk 00:56:35]} {[%emt 00:00:22]}
Qf7 {[%clk 00:00:34]} {[%emt 00:00:32]} 33. b3 {[%clk 00:56:38]} {[%emt
00:00:27]} Qe7 {[%clk 00:00:35]} {[%emt 00:00:29]} 34. Qd5+ {[%clk 00:56:52]}
{[%emt 00:00:16]} Kg7 {[%clk 00:00:32]} {[%emt 00:00:33]} 35. Qe5+ {[%clk
00:57:15]} {[%emt 00:00:07]} Qxe5+ {[%clk 00:00:32]} {[%emt 00:00:30]} 36. Nxe5
{[%clk 00:57:37]} {[%emt 00:00:07]} h5 {[%clk 00:00:40]} {[%emt 00:00:23]} 37.
Kg3 {[%clk 00:57:41]} {[%emt 00:00:26]} hxg4 {[%clk 00:00:41]} {[%emt
00:00:29]} 38. Kxg4 {[%clk 00:58:06]} {[%emt 00:00:05]} Rf5 {[%clk 00:00:41]}
{[%emt 00:00:30]} 39. Rd7+ {[%clk 00:57:09]} {[%emt 00:01:28]} Kf6 {[%clk
00:00:42]} {[%emt 00:00:29]} 40. Nc4 {[%clk 00:57:12]} {[%emt 00:00:26]} Rg5+
{[%clk 00:00:34]} {[%emt 00:00:38]} 41. Kf4 {[%clk 00:57:15]} {[%emt 00:00:26]}
Rf5+ {[%clk 00:27:40]} {[%emt 00:03:25]} 42. Ke4 {[%clk 01:27:38]} {[%emt
00:00:07]} b5 {[%clk 00:26:39]} {[%emt 00:01:31]} 43. Ne3 {[%clk 01:27:58]}
{[%emt 00:00:10]} Ke6 {[%clk 00:21:17]} {[%emt 00:05:53]} 44. Rxa7 {[%clk
01:28:02]} {[%emt 00:00:26]} Rf2 {[%clk 00:21:08]} {[%emt 00:00:38]} 45. Ra6+
{[%clk 01:28:21]} {[%emt 00:00:12]} Kd7 {[%clk 00:21:05]} {[%emt 00:00:33]} 46.
Kd4 {[%clk 01:28:31]} {[%emt 00:00:18]} g5 {[%clk 00:20:28]} {[%emt 00:01:08]}
47. Kc5 {[%clk 01:28:49]} {[%emt 00:00:13]} Re2 {[%clk 00:18:15]} {[%emt
00:02:43]} 48. Nd5 {[%clk 01:28:49]} {[%emt 00:00:30]} Re5 {[%clk 00:17:54]}
{[%emt 00:00:51]} 49. Rd6+ {[%clk 01:29:04]} {[%emt 00:00:14]} Ke8 {[%clk
00:16:56]} {[%emt 00:01:28]} 50. Kxb5 {[%clk 01:29:22]} {[%emt 00:00:12]} g4
{[%clk 00:17:01]} {[%emt 00:00:25]} 51. Kc5 {[%clk 01:29:22]} {[%emt 00:00:30]}
g3 {[%clk 00:16:34]} {[%emt 00:00:57]} 52. Rg6 {[%clk 01:29:29]} {[%emt
00:00:24]} Re2 {[%clk 00:16:32]} {[%emt 00:00:32]} 53. a4 {[%clk 01:29:29]}
{[%emt 00:00:30]} g2 {[%clk 00:16:42]} {[%emt 00:00:20]} 54. a5 {[%clk
01:29:30]} {[%emt 00:00:28]} Ra2 {[%clk 00:16:12]} {[%emt 00:01:01]} 55. b4
{[%clk 01:29:54]} {[%emt 00:00:06]} Kd7 {[%clk 00:14:35]} {[%emt 00:02:07]} 56.
Kb6 {[%clk 01:30:10]} {[%emt 00:00:12]} Rd2 {[%clk 00:11:02]} {[%emt 00:04:04]}
57. b5 {[%clk 01:30:25]} {[%emt 00:00:15]} Re2 {[%clk 00:06:28]} {[%emt
00:05:05]} 58. Nf4 {[%clk 01:30:29]} {[%emt 00:00:25]} 1-0

[Event "Deutsche Ländermeisterschaft 2025"]
[Site "Oer-Erkenschwick GER"]
[Date "2025.10.02"]
[Round "3"]
[White "Besou, Jad"]
[Black "Bundan, Edward"]
[Result "0-1"]
[Termination "normal"]
[Board "5.5"]
[WhiteElo "1865"]
[BlackElo "1939"]
[WhiteClock "00:17:28"]
[BlackClock "00:42:04"]
[WhiteTeam "Nordrhein-Westfalen 2"]
[BlackTeam "Niedersachsen"]
[PlyCount "74"]
[WhiteFideId "34631348"]
[BlackFideId "34603042"]
[EventCountry "GER"]
[EventRounds "7"]
[EventType "team-swiss"]
[EventDate "2025.09.30"]

1. d4 {[%clk 01:30:56]} {[%emt 00:00:03]} Nf6 {[%clk 01:30:53]} {[%emt
00:00:07]} 2. c4 {[%emt 00:00:07]} e6 {[%clk 01:31:04]} {[%emt 00:00:17]} 3.
Nf3 {[%clk 01:31:25]} {[%emt 00:00:26]} d5 {[%clk 01:31:25]} {[%emt 00:00:09]}
4. e3 {[%clk 01:31:25]} {[%emt 00:00:31]} c6 {[%clk 01:31:04]} {[%emt
00:00:50]} 5. Nc3 {[%clk 01:30:51]} {[%emt 00:01:04]} Bd6 {[%clk 01:31:24]}
{[%emt 00:00:10]} 6. cxd5 {[%clk 01:25:24]} {[%emt 00:05:58]} exd5 {[%clk
01:31:37]} {[%emt 00:00:17]} 7. Bd3 {[%clk 01:24:34]} {[%emt 00:01:19]} O-O
{[%clk 01:31:19]} {[%emt 00:00:48]} 8. h3 {[%clk 01:23:59]} {[%emt 00:01:06]}
Qe7 {[%clk 01:30:02]} {[%emt 00:01:46]} 9. Qc2 {[%clk 01:22:22]} {[%emt
00:02:07]} Re8 {[%clk 01:29:25]} {[%emt 00:01:06]} 10. O-O {[%clk 01:17:29]}
{[%emt 00:05:24]} Ne4 {[%clk 01:29:06]} {[%emt 00:00:49]} 11. Bxe4 {[%clk
01:14:57]} {[%emt 00:03:02]} dxe4 {[%clk 01:29:27]} {[%emt 00:00:09]} 12. Nd2
{[%clk 01:15:22]} {[%emt 00:00:06]} f5 {[%clk 01:27:40]} {[%emt 00:02:17]} 13.
f3 {[%clk 01:14:08]} {[%emt 00:01:43]} exf3 {[%clk 01:26:29]} {[%emt 00:01:42]}
14. Nxf3 {[%clk 01:09:21]} {[%emt 00:05:16]} Na6 {[%clk 01:25:12]} {[%emt
00:01:47]} 15. a3 {[%clk 01:02:53]} {[%emt 00:06:59]} Nc7 {[%clk 01:24:22]}
{[%emt 00:01:19]} 16. Bd2 {[%clk 00:58:19]} {[%emt 00:05:04]} Be6 {[%clk
01:18:23]} {[%emt 00:06:28]} 17. Ne1 {[%clk 00:55:24]} {[%emt 00:03:27]} g6
{[%clk 01:13:43]} {[%emt 00:05:10]} 18. Ne2 {[%clk 00:50:53]} {[%emt 00:05:00]}
Bd5 {[%clk 01:12:10]} {[%emt 00:02:02]} 19. Nd3 {[%clk 00:46:09]} {[%emt
00:05:15]} Ne6 {[%clk 01:00:47]} {[%emt 00:11:53]} 20. Nef4 {[%clk 00:35:05]}
{[%emt 00:11:34]} Ng5 {[%clk 00:52:01]} {[%emt 00:09:17]} 21. Nxd5 {[%clk
00:33:35]} {[%emt 00:02:00]} cxd5 {[%clk 00:52:28]} {[%emt 00:00:03]} 22. Qb3
{[%clk 00:32:42]} {[%emt 00:01:23]} Qe6 {[%clk 00:48:17]} {[%emt 00:04:40]} 23.
Nf4 {[%clk 00:30:55]} {[%emt 00:02:18]} Bxf4 {[%clk 00:48:17]} {[%emt
00:00:29]} 24. Rxf4 {[%clk 00:30:16]} {[%emt 00:01:08]} Ne4 {[%clk 00:48:23]}
{[%emt 00:00:25]} 25. Be1 {[%clk 00:29:22]} {[%emt 00:01:25]} Nd6 {[%clk
00:48:01]} {[%emt 00:00:51]} 26. Rf3 {[%emt 00:03:09]} Nc4 {[%clk 00:47:14]}
{[%emt 00:00:38]} 27. Bc3 {[%clk 00:24:27]} {[%emt 00:03:25]} Qc6 {[%clk
00:45:58]} {[%emt 00:01:45]} 28. Kf2 {[%clk 00:23:29]} {[%emt 00:01:30]} Re4
{[%clk 00:45:39]} {[%emt 00:00:49]} 29. Re1 {[%clk 00:22:22]} {[%emt 00:01:37]}
Rae8 {[%clk 00:45:31]} {[%emt 00:00:38]} 30. Re2 {[%clk 00:21:45]} {[%emt
00:01:08]} b6 {[%clk 00:45:01]} {[%emt 00:00:58]} 31. g3 {[%clk 00:20:26]}
{[%emt 00:01:51]} Qe6 {[%clk 00:44:22]} {[%emt 00:01:07]} 32. Be1 {[%clk
00:20:24]} {[%emt 00:00:32]} Rxd4 {[%clk 00:43:19]} {[%emt 00:01:34]} 33. Qc3
{[%clk 00:19:43]} {[%emt 00:01:11]} Re4 {[%clk 00:43:24]} {[%emt 00:00:24]} 34.
b3 {[%clk 00:18:48]} {[%emt 00:01:26]} Nd6 {[%clk 00:42:51]} {[%emt 00:01:02]}
35. Qd3 {[%clk 00:18:01]} {[%emt 00:01:18]} d4 {[%clk 00:42:40]} {[%emt
00:00:40]} 36. Bb4 {[%clk 00:18:08]} {[%emt 00:00:23]} Nf7 {[%clk 00:41:53]}
{[%emt 00:01:17]} 37. Qd2 {[%clk 00:17:28]} {[%emt 00:01:09]} Ng5 {[%clk
00:42:04]} {[%emt 00:00:20]} 0-1

[Event "Deutsche Ländermeisterschaft 2025"]
[Site "Oer-Erkenschwick GER"]
[Date "2025.10.02"]
[Round "3"]
[White "Oellrich, Emma"]
[Black "Allen, Phillipp"]
[Result "0-1"]
[Termination "normal"]
[Board "5.6"]
[WhiteElo "1764"]
[BlackElo "1864"]
[WhiteClock "00:03:21"]
[BlackClock "00:06:19"]
[WhiteTeam "Niedersachsen"]
[BlackTeam "Nordrhein-Westfalen 2"]
[PlyCount "84"]
[WhiteFideId "16268806"]
[BlackFideId "16272846"]
[EventCountry "GER"]
[EventRounds "7"]
[EventType "team-swiss"]
[EventDate "2025.09.30"]

1. d4 {[%clk 01:30:59]} {[%emt 00:00:01]} Nf6 {[%clk 01:30:55]} {[%emt
00:00:05]} 2. c4 {[%clk 01:31:24]} {[%emt 00:00:04]} e6 {[%clk 01:31:22]}
{[%emt 00:00:03]} 3. Nf3 {[%clk 01:31:50]} {[%emt 00:00:04]} b6 {[%clk
01:31:48]} {[%emt 00:00:05]} 4. g3 {[%clk 01:32:08]} {[%emt 00:00:11]} Ba6
{[%clk 01:32:14]} {[%emt 00:00:04]} 5. b3 {[%clk 01:32:30]} {[%emt 00:00:09]}
Bb4+ {[%clk 01:32:39]} {[%emt 00:00:04]} 6. Bd2 {[%clk 01:32:54]} {[%emt
00:00:07]} Be7 {[%clk 01:33:06]} {[%emt 00:00:03]} 7. Bg2 {[%clk 01:32:57]}
{[%emt 00:00:27]} c6 {[%clk 01:33:13]} {[%emt 00:00:23]} 8. O-O {[%clk
01:32:11]} {[%emt 00:01:15]} d5 {[%clk 01:33:33]} {[%emt 00:00:10]} 9. Qc2
{[%clk 01:31:49]} {[%emt 00:00:53]} O-O {[%clk 01:33:45]} {[%emt 00:00:19]} 10.
Rd1 {[%clk 01:31:10]} {[%emt 00:01:09]} Nbd7 {[%clk 01:33:28]} {[%emt
00:00:48]} 11. Bc1 {[%clk 01:23:46]} {[%emt 00:07:53]} Rc8 {[%clk 01:33:10]}
{[%emt 00:00:48]} 12. Bb2 {[%clk 01:19:28]} {[%emt 00:04:48]} c5 {[%clk
01:25:41]} {[%emt 00:07:58]} 13. dxc5 {[%clk 01:10:08]} {[%emt 00:09:50]} Bxc5
{[%clk 01:16:31]} {[%emt 00:09:40]} 14. Nc3 {[%clk 01:04:16]} {[%emt 00:06:23]}
dxc4 {[%clk 01:12:35]} {[%emt 00:04:26]} 15. Ne5 {[%clk 01:03:19]} {[%emt
00:01:26]} Qe7 {[%clk 00:49:31]} {[%emt 00:23:35]} 16. Nc6 {[%clk 00:47:45]}
{[%emt 00:16:04]} Bxf2+ {[%clk 00:49:55]} {[%emt 00:00:06]} 17. Kf1 {[%clk
00:37:04]} {[%emt 00:11:10]} Rxc6 {[%clk 00:41:03]} {[%emt 00:09:22]} 18. Bxc6
{[%clk 00:32:54]} {[%emt 00:04:41]} Ne5 {[%clk 00:33:44]} {[%emt 00:07:49]} 19.
Ne4 {[%clk 00:25:35]} {[%emt 00:07:48]} Nfg4 {[%clk 00:31:51]} {[%emt
00:02:23]} 20. Bc1 {[%clk 00:25:39]} {[%emt 00:00:26]} Nxc6 {[%clk 00:19:23]}
{[%emt 00:12:59]} 21. Nxf2 {[%clk 00:17:03]} {[%emt 00:09:05]} Qf6 {[%clk
00:18:10]} {[%emt 00:01:43]} 22. Bf4 {[%clk 00:15:19]} {[%emt 00:02:14]} Qxf4
{[%clk 00:18:33]} {[%emt 00:00:06]} 23. gxf4 {[%clk 00:13:09]} {[%emt
00:02:41]} Ne3+ {[%clk 00:18:57]} {[%emt 00:00:05]} 24. Kg1 {[%clk 00:13:36]}
{[%emt 00:00:03]} Nxc2 {[%clk 00:19:21]} {[%emt 00:00:06]} 25. Rac1 {[%clk
00:13:38]} {[%emt 00:00:27]} N6d4 {[%clk 00:18:55]} {[%emt 00:00:57]} 26. Rd2
{[%clk 00:11:05]} {[%emt 00:03:04]} cxb3 {[%clk 00:19:12]} {[%emt 00:00:12]}
27. axb3 {[%clk 00:11:23]} {[%emt 00:00:12]} Nxb3 {[%clk 00:13:52]} {[%emt
00:05:50]} 28. Rcxc2 {[%clk 00:11:36]} {[%emt 00:00:17]} Nxd2 {[%clk 00:14:15]}
{[%emt 00:00:07]} 29. Rxd2 {[%clk 00:12:01]} {[%emt 00:00:05]} f5 {[%clk
00:09:23]} {[%emt 00:05:22]} 30. Ra2 {[%clk 00:12:05]} {[%emt 00:00:26]} Bc4
{[%clk 00:09:40]} {[%emt 00:00:13]} 31. Rxa7 {[%clk 00:12:21]} {[%emt
00:00:14]} Bxe2 {[%clk 00:09:50]} {[%emt 00:00:20]} 32. Rb7 {[%clk 00:08:46]}
{[%emt 00:04:05]} b5 {[%clk 00:10:04]} {[%emt 00:00:16]} 33. Nh3 {[%clk
00:08:39]} {[%emt 00:00:37]} h6 {[%clk 00:09:10]} {[%emt 00:01:24]} 34. Kf2
{[%clk 00:08:57]} {[%emt 00:00:11]} Bc4 {[%clk 00:08:34]} {[%emt 00:01:07]} 35.
Kg3 {[%clk 00:08:39]} {[%emt 00:00:48]} Rf7 {[%clk 00:08:27]} {[%emt 00:00:37]}
36. Rb8+ {[%clk 00:09:02]} {[%emt 00:00:07]} Kh7 {[%clk 00:08:49]} {[%emt
00:00:08]} 37. Kh4 {[%clk 00:06:34]} {[%emt 00:02:57]} Ra7 {[%clk 00:05:46]}
{[%emt 00:03:34]} 38. Ng1 {[%emt 00:03:07]} Ra3 {[%clk 00:06:06]} {[%emt
00:00:08]} 39. Rb6 {[%clk 00:02:40]} {[%emt 00:01:48]} e5 {[%clk 00:05:30]}
{[%emt 00:01:07]} 40. fxe5 {[%clk 00:02:36]} {[%emt 00:00:34]} g5+ {[%clk
00:05:55]} {[%emt 00:00:06]} 41. Kh5 {[%clk 00:02:57]} {[%emt 00:00:08]} Rh3+
{[%clk 00:06:19]} {[%emt 00:00:06]} 42. Nxh3 {[%clk 00:03:21]} {[%emt
00:00:05]} Be2# {[%emt 00:00:04]} 0-1

[Event "Deutsche Ländermeisterschaft 2025"]
[Site "Oer-Erkenschwick GER"]
[Date "2025.10.02"]
[Round "3"]
[White "Bohatyrova, Mariia"]
[Black "Zhang, Jiahui"]
[Result "0-1"]
[Termination "normal"]
[Board "5.7"]
[WhiteElo "1793"]
[BlackElo "1575"]
[WhiteClock "00:30:30"]
[BlackClock "00:26:06"]
[WhiteTeam "Nordrhein-Westfalen 2"]
[BlackTeam "Niedersachsen"]
[PlyCount "63"]
[WhiteFideId "34165789"]
[BlackFideId "533001308"]
[EventCountry "GER"]
[EventRounds "7"]
[EventType "team-swiss"]
[EventDate "2025.09.30"]

1. Nf3 {[%clk 01:30:56]} {[%emt 00:00:04]} Nf6 {[%clk 01:30:46]} {[%emt
00:00:14]} 2. d4 {[%clk 01:31:10]} {[%emt 00:00:17]} d5 {[%clk 01:31:04]}
{[%emt 00:00:11]} 3. g3 {[%clk 01:31:24]} {[%emt 00:00:16]} e6 {[%clk
01:31:12]} {[%emt 00:00:22]} 4. Bg2 {[%clk 01:31:27]} {[%emt 00:00:27]} Be7
{[%clk 01:31:10]} {[%emt 00:00:31]} 5. O-O {[%clk 01:31:39]} {[%emt 00:00:18]}
O-O {[%clk 01:31:31]} {[%emt 00:00:09]} 6. b3 {[%clk 01:28:14]} {[%emt
00:03:55]} c5 {[%clk 01:31:52]} {[%emt 00:00:09]} 7. e3 {[%clk 01:25:55]}
{[%emt 00:02:49]} cxd4 {[%clk 01:28:16]} {[%emt 00:04:06]} 8. exd4 {[%clk
01:12:53]} {[%emt 00:13:31]} b5 {[%clk 01:21:49]} {[%emt 00:06:57]} 9. Ne5
{[%clk 00:56:57]} {[%emt 00:16:23]} Bb7 {[%clk 01:13:12]} {[%emt 00:09:09]} 10.
Re1 {[%clk 00:39:44]} {[%emt 00:17:42]} Qc7 {[%clk 01:09:52]} {[%emt 00:03:51]}
11. Nd3 {[%clk 00:29:36]} {[%emt 00:10:36]} Nbd7 {[%clk 01:06:07]} {[%emt
00:04:18]} 12. Bf4 {[%clk 00:28:45]} {[%emt 00:01:19]} Qb6 {[%clk 01:04:23]}
{[%emt 00:02:12]} 13. c3 {[%clk 00:22:13]} {[%emt 00:07:04]} Rac8 {[%clk
01:00:05]} {[%emt 00:04:49]} 14. b4 {[%clk 00:19:44]} {[%emt 00:02:58]} a5
{[%clk 00:54:55]} {[%emt 00:05:41]} 15. a3 {[%clk 00:18:00]} {[%emt 00:02:14]}
Qa7 {[%clk 00:54:34]} {[%emt 00:00:52]} 16. Nc5 {[%clk 00:16:57]} {[%emt
00:01:33]} axb4 {[%clk 00:48:49]} {[%emt 00:06:15]} 17. cxb4 {[%clk 00:15:31]}
{[%emt 00:01:56]} Nb6 {[%clk 00:48:20]} {[%emt 00:00:59]} 18. Be5 {[%clk
00:05:15]} {[%emt 00:10:45]} Nfd7 {[%clk 00:46:57]} {[%emt 00:01:54]} 19. Bf4
{[%clk 00:05:20]} {[%emt 00:00:24]} Bf6 {[%clk 00:43:01]} {[%emt 00:04:27]} 20.
Ra2 {[%clk 00:04:58]} {[%emt 00:00:51]} Bc6 {[%clk 00:41:10]} {[%emt 00:02:22]}
21. Bf1 {[%clk 00:02:59]} {[%emt 00:02:29]} Nc4 {[%clk 00:38:54]} {[%emt
00:02:46]} 22. Qd3 {[%clk 00:00:40]} {[%emt 00:02:49]} Rfe8 {[%clk 00:36:52]}
{[%emt 00:02:34]} 23. Rae2 {[%clk 00:00:41]} {[%emt 00:00:27]} Ra8 {[%clk
00:35:30]} {[%emt 00:01:52]} 24. Bc1 {[%clk 00:00:36]} {[%emt 00:00:35]} Qc7
{[%clk 00:34:51]} {[%emt 00:01:09]} 25. Bf4 {[%clk 00:00:43]} {[%emt 00:00:23]}
Qa7 {[%clk 00:33:33]} {[%emt 00:01:48]} 26. Bc1 {[%clk 00:01:00]} {[%emt
00:00:14]} e5 {[%clk 00:27:12]} {[%emt 00:06:51]} 27. Nxd7 {[%clk 00:00:47]}
{[%emt 00:00:43]} Qxd7 {[%clk 00:27:35]} {[%emt 00:00:08]} 28. dxe5 {[%clk
00:00:32]} {[%emt 00:00:45]} Nxe5 {[%clk 00:27:34]} {[%emt 00:00:31]} 29. Qb3
{[%clk 00:00:34]} {[%emt 00:00:27]} d4 {[%clk 00:25:44]} {[%emt 00:02:21]} 30.
Rxe5 {[%clk 00:00:34]} {[%emt 00:00:29]} Rxe5 {[%clk 00:25:42]} {[%emt
00:00:32]} 31. Rxe5 {[%clk 00:00:34]} {[%emt 00:00:30]} Bxe5 {[%clk 00:26:06]}
{[%emt 00:00:06]} 32. Bg2 {[%clk 00:30:30]} {[%emt 00:00:35]} 0-1